000 00346nam a22001337a 4500
020 _a0471606952
082 _222
_a005.12
100 _aSchmidt, Douglas ...[et al.].
245 _aPattern oriented software architecture /
260 _aEngland,
_bJohn Wiley,
_cc2000.
300 _axxix, 633p. ;
_bill. ;
_c24 cm.
400 _av-2
942 _2ddc
_cIT
999 _c2057
_d2057